AC Milan Champions League Winner Starting XI - Statistics

General Stats
  • This quiz has been taken 2,145 times
  • The average score is 20 of 53
Answer Stats
Player % Correct
Cesare Maldini
98%
Paolo Maldini
98%
Dida
96%
Andriy Shevchenko
92%
Kaká
92%
Alessandro Nesta
91%
Andrea Pirlo
90%
Clarence Seedorf
89%
Filippo Inzaghi
87%
Gennaro Gattuso
85%
Marco van Basten
82%
Ruud Gullit
80%
Rui Costa
78%
Franco Baresi
74%
Frank Rijkaard
70%
Alessandro Costacurta
54%
Massimo Ambrosini
52%
Sebastiano Rossi
49%
Kakha Kaladze
46%
Marek Jankulovski
44%
Carlo Ancelotti
41%
Marcel Desailly
38%
Zvonimir Boban
36%
Massimo Oddo
35%
Dejan Savićević
32%
Gianni Rivera
31%
Roberto Donadoni
30%
Mauro Tassotti
28%
Daniele Massaro
27%
Demetrio Albertini
26%
Filippo Galli
19%
Giovanni Galli
19%
Christian Panucci
18%
José Altafini
16%
Alberigo Evani
13%
Angelo Colombo
10%
Fabio Cudicini
8%
Giovanni Trapattoni
8%
Karl-Heinz Schnellinger
8%
Mario David
8%
Pierino Prati
8%
Kurt Hamrin
6%
Giovanni Lodetti
5%
Angelo Anquilletti
4%
Angelo Sormani
4%
Roberto Rosato
4%
Bruno Mora
3%
Dino Sani
3%
Giorgio Ghezzi
3%
Saul Malatrasi
3%
Gino Pivatelli
2%
Mario Trebbi
2%
Víctor Benítez
2%
No matching quizzes found
Score Distribution
Percent of People with Each Score
Percentile by Number Answered
Your Score History
You have not taken this quiz